Plane trigonometry / (Record no. 180930)

000 -LEADER
fixed length control field 00794 a2200205 4500
003 - CONTROL NUMBER IDENTIFIER
control field Nust
005 - DATE AND TIME OF LATEST TRANSACTION
control field 20230705131118.0
010 ## - LIBRARY OF CONGRESS CONTROL NUMBER
LC control number 76153649
020 ## - INTERNATIONAL STANDARD BOOK NUMBER
International Standard Book Number 136791670
040 ## - CATALOGING SOURCE
Transcribing agency Nust
082 00 - DEWEY DECIMAL CLASSIFICATION NUMBER
Classification number 516.242,SPA
100 1# - MAIN ENTRY--PERSONAL NAME
Personal name Sparks W.Fred
9 (RLIN) 113374
245 10 - TITLE STATEMENT
Title Plane trigonometry /
Statement of responsibility, etc. Fred W Sparks and paul K
250 ## - EDITION STATEMENT
Edition statement 6th ed.
260 ## - PUBLICATION, DISTRIBUTION, ETC.
Place of publication, distribution, etc. New York :
Name of publisher, distributor, etc. Wiley,
Date of publication, distribution, etc. c1976.
300 ## - PHYSICAL DESCRIPTION
Extent xiii, 312 p. :
Other physical details ill. ;
Dimensions 24 cm.
505 ## - FORMATTED CONTENTS NOTE
Formatted contents note Angular Measure And The Trigonometric Functions (Page-1), Solution Of Right Triangles (Page-34), Fundamental Identities (Page-64), Graphs (Page-99), Logarithms (Page-113), Logarithmic Solution Of Triangles (Page-129), Complex Numbers (Page-191), Polar Coordinates (Page-207).
650 #0 - SUBJECT ADDED ENTRY--TOPICAL TERM
Topical term or geographic name entry element Plane trigonometry.
9 (RLIN) 39132
942 ## - ADDED ENTRY ELEMENTS (KOHA)
Source of classification or shelving scheme
Koha item type Book
Call number prefix 516.242,SPA
Holdings
Withdrawn status Lost status Source of classification or shelving scheme Damaged status Not for loan Permanent Location Current Location Shelving location Date acquired Full call number Barcode Date last seen Price effective from Koha item type Public note
          Military College of Signals (MCS) Military College of Signals (MCS) General Stacks 12/12/2016 516.242,SPA MCS7465 12/08/2016 12/12/2016 Book Almirah No.82, Shelf No.5
© 2023 Central Library, National University of Sciences and Technology. All Rights Reserved.